=LDR 00000nam 2200000 4500 =001 INLIS000000000047541 =005 20151229122501.0 =006 =007 =008 =020 ##$$a 978-602-8674-62-1 =035 ##$$0010-121500000000082 =040 ##$$a ind =082 ##$$a 614.47 =090 ##$$a 614.47 $b Dan K =100 ##$$a Danny =245 ##$$a Konsep dasar Vaksinasi =250 ##$$a - =260 ##$$a jakarta $b Sagung Seto $c 2012 =300 ##$$a xii, 50 hlmn $b 20 cm =850 ##$$a NBPDMAT =990 ##$$a 0001/BPAP-NTB/2015